• 首页
  • 本馆介绍
  • 公告通知
  • 最新文献
  • 馆藏检索
  • 电子资源
  • 读者导购
  • 参考咨询
  • 我的图书馆
  • 登录
  • 详细信息显示
  • 放入我的书架
  • 预约/预借图书
  • 作者相关作品
  • 分类相关作品
  • 丛书相关作品
  • 出版社相关作品

书目信息

  • 表格格式
  • 工作单格式
  • 卡片格式
题名:
五千年良渚王国
    
 
作者: 刘斌 , 余靖静 著 ;曾奇琦 绘
分册:  
出版信息: 杭州   浙江少年儿童出版社  2019.07
页数: 99页
开本: 30cm
丛书名:
单 册:
中图分类:
科图分类:
主题词: 良渚文化--少年读物 , 文物--考古--中国
电子资源:
ISBN: 978-7-5597-1501-2
000 00818nam0 2200277 450
001 2355239751
005 20120619083348.31
010    @a978-7-5597-1501-2@b精装@dCNY78.00
100    @a20191121d2019 cemy0chiy50 ea
101 0  @achi
102    @aCN@b330000
105    @aab z 000yy
106    @ar
200 1  @a五千年良渚王国@f刘斌, 余靖静著@g曾奇琦绘
210    @a杭州@c浙江少年儿童出版社@d2019.07
215    @a99页@c彩图, 地图@d30cm
330    @a本书采用图画书的形式, 展现了中华五千年文明之良渚王国的衣食住行, 利于弘扬中华传统文化, 增加文化自信。
606 0  @a良渚文化@j少年读物
606 0  @a文物@x考古@x中国
690    @a@v5
690    @aK871.13@v4
701  0 @a刘斌@4著
701  0 @a余靖静@4著
702  0 @a曾奇琦@4绘
801  0 @aCN@b安徽时代出版发行有限公司@c20191121
905    @dK871.13@e556
    
    五千年良渚王国/刘斌, 余靖静著/曾奇琦绘.-杭州:浙江少年儿童出版社,2019.07
    99页:彩图, 地图;30cm
    
    
    ISBN 978-7-5597-1501-2(精装):CNY78.00
    本书采用图画书的形式, 展现了中华五千年文明之良渚王国的衣食住行, 利于弘扬中华传统文化, 增加文化自信。
●
相关链接 在E读中查询图书 在五车中查询图书 在当当中查询图书 在豆瓣中查询图书


正题名:五千年良渚王国     索取号:K871.13/556         预约/预借

序号 登录号 条形码 馆藏地/架位号 状态 备注
1 1412028   214120280   第二样本阅览室/ [索取号:K871.13/556] 在馆    
2 1412029   214120299   第二借阅区/ [索取号:K871.13/556] 在馆    
3 1412030   214120306   第二借阅区/ [索取号:K871.13/556] 在馆    
4 1412031   214120315   教育系资料室/ [索取号:K871.13/556] 在馆    
5 1412032   214120324   教育系资料室/ [索取号:K871.13/556] 在馆    
唐山师范学院图书馆 欢迎您!
大连网信软件有限公司© 版权所有